| 000 | 00454nam a2200169Ia 4500 | ||
|---|---|---|---|
| 008 | 230524s9999 xx 000 0 und d | ||
| 020 | _a8123908679 | ||
| 082 |
_a658.4012 _bKER |
||
| 100 | _aHarold Kerzner | ||
| 245 | 0 | _a"Project Management: A Systems Approach to Planning, Scheduling & Controlling" | |
| 250 | _a2ND | ||
| 260 |
_aNEW DELHI _bCBS _c2004 |
||
| 300 | _aXIV;712 | ||
| 500 | _aQuantity Number: 3 | ||
| 650 | _aManagement | ||
| 942 | _cBK | ||
| 999 |
_c46801 _d46801 |
||